Le plus peuplé en un contre un - Mort subite #5 - Statistiques

Statistiques générales
  • Ce quiz a été pris 130 fois
  • Le résultat moyen est 4 sur 20
Answers on the Grid
Answers color-coded by a green-red scale on the quiz's grid according to % correct below.
Marseille-Aix-en-Provence
Lyon
Toulouse
Montpellier
Lille
Strasbourg
Nantes
Bordeaux
Caen
Rouen
Le Havre
Le Mans
Avignon
Cannes
Nancy
Metz
Pointe-à-Pitre-Les Abymes
Fort-de-France
Valenciennes
Valence
Rennes
Grenoble
Toulon
Brest
Tours
Angers
Clermont-Ferrand
Saint-Étienne
Dijon
Reims
Annecy
Chambéry
Bayonne
Pau
Limoges
Orléans
Poitiers
Perpignan
Mulhouse
Amiens
 
Statistiques - réponses
Réponse % Correct
Lyon
97%
Toulouse
87%
Lille
74%
Bordeaux
47%
Le Havre
22%
Rouen
22%
Avignon
16%
Metz
9%
Orléans
7%
Valenciennes
7%
Perpignan
6%
Pointe-à-Pitre-Les Abymes
6%
Tours
4%
Bayonne
3%
Chambéry
3%
Dijon
3%
Grenoble
3%
Mulhouse
3%
Saint-Étienne
3%
Toulon
3%
Aucun quiz correspondant
Distribution des résultats
% des personnes avec chaque résultat
Percentile par nombre de réponses
Votre historique - résultats
Vous n’avez pas pris ce quiz